Guía para el estudio de la dirección orquestal

I tiakina i:
Ngā taipitopito rārangi puna kōrero
Kaituhi matua: Previtali, Fernando (Author)
Hōputu: Pukapuka
Reo:Pāniora
I whakaputaina: Buenos Aires Ricordi 1998
Rangatū:Manuales Musicales
Ngā marau:
Ngā Tūtohu: Tāpirihia he Tūtohu
Kāore He Tūtohu, Me noho koe te mea tuatahi ki te tūtohu i tēnei pūkete!

MARC

LEADER 00000nam a2200000 a 4500
001 UCI3263
003 CL-VaPUC
008 071019e19980000AG |||||||||||||||||spa|d
020 |a 9502201108 
082 0 4 |a 784.145  |b PRE  |2 21 
100 0 |a Previtali, Fernando  |e author  |9 524650 
245 1 0 |a Guía para el estudio de la dirección orquestal 
300 |a 43 p 
942 |c BK 
945 |d 20071019 00:00:00  |a jtorresc 
260 |a Buenos Aires  |b Ricordi  |c 1998 
650 7 |a DIRECCION ORQUESTAL  |2 CL-VaPUC  |9 524651 
650 0 |a Música orquestal  |9 306546 
583 |a last modification  |c 20071019 00:00:00  |k Rodrigo Vera 
490 0 |a Manuales Musicales 
999 |c 327573  |d 327571 
952 |0 0  |1 0  |4 0  |6 784_145000000000000_PRE_1998  |7 0  |8 A  |9 410583  |a BIBEDU  |b BIBEDU  |d 2019-11-22  |i 438136K  |l 1  |o 784.145 PRE 1998  |p 438136K  |r 2024-04-30  |s 2024-04-23  |w 2019-11-22  |y BK  |k MUS